S tvorbou z Kanárskych ostrovov Orchester Slovenskej filharmónie pred odchodom na turné

Podrobná bibliografia
Hlavný autor: Berger, Igor, 1942- (Autor)
Médium: Článok
Jazyk:slovenčina
Predmet:

MARC

LEADER 00000nab a2200000 a 4500
001 vtls000369433
003 SK-MaSNL
005 20260426054807.0
008 111202c1990 xo 0 slo
015 |a SNBRB19rr/mm-uuuuu 
035 |a CL0369555 
040 |a SNKBUCL  |b slo  |c SNKBUCL  |e AACR2 
041 0 |a slo 
044 |a xo  |c SK 
080 |a 78.071.20:785.11  |2 1981 
080 |a 785.11  |2 1981 
100 1 |a Berger, Igor,  |d 1942-  |4 aut  |9 1637636 
245 1 0 |a S tvorbou z Kanárskych ostrovov  |b Orchester Slovenskej filharmónie pred odchodom na turné  |c Igor Berger 
610 2 7 |a Slovenská filharmónia  |2 snkbucl  |9 145774 
651 7 |a 5100  |2 snkbucl  |9 166206 
655 7 |a články z novín a časopisov  |2 snkbucl  |9 267496 
773 0 |t Ľud  |g Roč. 43, č. 17 (20. 1. 1990), s. 4 
850 |a Slovenská národná knižnica v Martine  |a MTA001 
852 |a SNK  |b KIS3GCP 
958 |a RK 
992 |a RBX 
999 |c 2157913  |d 2159843